Online katalóg knižníc regiónu Turca

Rímske príbehy / (Record no. 21102)

MARC details
000 -LEADER
fixed length control field 00750nam a22002412 4500
001 - CONTROL NUMBER
control field 21102
003 - CONTROL NUMBER IDENTIFIER
control field CZ PrNK
005 - DATE AND TIME OF LATEST TRANSACTION
control field 20260213135708.0
008 - FIXED-LENGTH DATA ELEMENTS--GENERAL INFORMATION
fixed length control field 960504s1981 xo slo
040 ## - CATALOGING SOURCE
Original cataloging agency ABA001
Language of cataloging cze
Transcribing agency ABA001
Modifying agency ABA001
041 1# - LANGUAGE CODE
Language code of text/sound track or separate title slo
Language code of original lat
245 00 - TITLE STATEMENT
Title Rímske príbehy /
Statement of responsibility, etc. z lat. orig. přel. Jozef Minárik a kol. ; sest. a doslov naps. Jozef Minárik ; ilustr. Viera Gergelová
250 ## - EDITION STATEMENT
Edition statement 1. vyd.
260 ## - PUBLICATION, DISTRIBUTION, ETC.
Place of publication, distribution, etc. Bratislava :
Name of publisher, distributor, etc. Mladé letá,
Date of publication, distribution, etc. 1981
300 ## - PHYSICAL DESCRIPTION
Extent 166 s. :
Other physical details il. ;
Dimensions
490 1# - SERIES STATEMENT
Series statement Pradávne príbehy
521 1# - TARGET AUDIENCE NOTE
Target audience note Pre čitateľov od 11 rokov
700 1# - ADDED ENTRY--PERSONAL NAME
Personal name Minárik, Jozef,
Dates associated with a name 1922-2008
Relationship com
-- aui
765 0# - ORIGINAL LANGUAGE ENTRY
Title Gesta Romanorum
830 #0 - SERIES ADDED ENTRY--UNIFORM TITLE
Uniform title Pradávne príbehy
910 ## - USER-OPTION DATA (OCLC)
User-option data ABA001
942 ## - ADDED ENTRY ELEMENTS (KOHA)
Source of classification or shelving scheme Dewey Decimal Classification
Koha item type Krásna literatúra pre dospelých
Suppress in OPAC No
Holdings
Stav vyradenia Strata Poškodenie Spôsob nadobudnutia Domovská knižnica Aktuálna knižnica Dátum nadobudnutia Total checkouts Čiarový kód exemplára Date last seen Typ exemplára
      Dar Obecná knižnica Horná Štubňa Obecná knižnica Horná Štubňa 13.02.2026   4736201281 13.02.2026 Krásna literatúra pre dospelých
Projekt je podporený Slovenskou asociáciou knižníc
Prevádzkuje Turčianska knižnica Martin 2026